| 000 | 00566nam a2200145Ia 4500 | ||
|---|---|---|---|
| 008 | 211220s9999 xx 000 0 eng d | ||
| 041 | _aEnglish | ||
| 082 | _aRS.0838 | ||
| 100 |
_aSahu, Sudhansubala _uCHRIST (Deemed to be University) _vBangalore |
||
| 245 | 0 |
_aICT enabled health communication : _ba study of changing doctor-patient relationship among the middle class in Bangalore / _cSudhansubala Sahu |
|
| 260 |
_aNew Delhi : _bIndian Council oF Social Science Research, |
||
| 300 | _a118p. | ||
| 536 | _aIndian Council of Social Science Research | ||
| 942 | _cRP | ||
| 999 |
_c27250 _d27250 |
||